LCK Teams 2026 - Statistiques

Statistiques générales
  • Ce quiz a été pris 2 fois
  • Le résultat moyen est 5 sur 60
Statistiques - réponses
Hint Réponse % Correct
Chovy
100%
Faker
100%
Canyon
50%
GEN G
50%
KT Rolster
50%
Oner
50%
T1
50%
Aiming
0%
Andil
0%
Bdd
0%
Team BRION
0%
Career
0%
Top Casting
0%
Clear
0%
Clozer
0%
Cuzz
0%
Delight
0%
deokdam
0%
Diable
0%
Doran
0%
DPLUS
0%
DRX
0%
DuDu
0%
Duro
0%
Effort
0%
FEARX
0%
Jungle GIDEON
0%
Gumayusi
0%
Hanwha Life
0%
Kanavi
0%
Kellin
0%
Keria
0%
Kiin
0%
Kingen
0%
LazyFeel
0%
Lehends
0%
Mid Loki
0%
Lucid
0%
Support Namgung
0%
Nongshim Redforce
0%
Perfect
0%
Peter
0%
Peyz
0%
Pyosik
0%
Raptor
0%
Rich
0%
Ruler
0%
Scout
0%
ShowMaker
0%
Siwoo
0%
Smash
0%
SOOPers
0%
Sponge
0%
Taeyoon
0%
Adc Teddy
0%
Ucal
0%
VicLa
0%
Willer
0%
Zeka
0%
Zeus
0%
Aucun quiz correspondant
Distribution des résultats
% des personnes avec chaque résultat
Percentile par nombre de réponses
Votre historique - résultats
Vous n’avez pas pris ce quiz